The atlantic fantasy: the U.S., NATO, and Europe
Uloženo v:
| Hlavní autor: | |
|---|---|
| Médium: | Kniha |
| Jazyk: | angličtina |
| Vydáno: |
Baltimore
Johns Hopkins
1970
|
| Edice: | Studies in International Affairs, 13
|
| Témata: | |
| Tagy: |
Přidat tag
Žádné tagy, Buďte první, kdo vytvoří štítek k tomuto záznamu!
|
MARC
| LEADER | 00000nam a2200000 a 4500 | ||
|---|---|---|---|
| 001 | UCO7977 | ||
| 003 | CL-VaPUC | ||
| 008 | 001124e19700000US |||||||||||||||||eng|d | ||
| 082 | 0 | 4 | |a 327.09 |b CAL |2 21 |
| 100 | 0 | |a Calleo, David |e author |9 452775 | |
| 245 | 1 | 4 | |a The atlantic fantasy: the U.S., NATO, and Europe |
| 300 | |a 182 p | ||
| 942 | |c BK | ||
| 945 | |d 20001124 00:00:00 |a crobeson | ||
| 260 | |a Baltimore |b Johns Hopkins |c 1970 | ||
| 500 | |a Donación del profesor Manfred Wilhelmy von Wolff | ||
| 600 | 0 | 7 | |a OTAN |2 CL-VaPUC |9 255771 |
| 650 | 0 | |a Relaciones Internacionales |9 255740 | |
| 650 | 0 | |a Guerra Fría |9 319648 | |
| 650 | 7 | |a EQUILIBRIO INTERNACIONAL |2 CL-VaPUC |9 314688 | |
| 651 | 0 | |a Estados Unidos |9 255178 | |
| 651 | 0 | |a Europa |9 255156 | |
| 583 | |a last modification |c 20001124 00:00:00 |k Rodrigo Vera | ||
| 490 | 0 | |a Studies in International Affairs, 13 | |
| 999 | |c 292789 |d 292787 | ||
| 952 | |0 0 |1 0 |4 0 |6 327_090000000000000_CAL_1970 |7 0 |8 A |9 343862 |a BIBHIS |b BIBHIS |d 2019-11-20 |i 1229958 |o 327.09 CAL 1970 |p 1229958 |r 2025-01-20 |w 2019-11-20 |y BK |k HIS | ||